| 000 | 01030nam a2200241Ia 4500 | ||
|---|---|---|---|
| 001 | 15731 | ||
| 003 | GE_BSU | ||
| 008 | 181216s||||||||xx |||||||||||||| ||und|| | ||
| 040 | _cGE_BSU | ||
| 080 | _a821.353.1-32 | ||
| 100 | _aჭავჭავაძე, ი. (ილია, 1837-1907) | ||
| 245 | _aრჩეული ნაწარმოებები : 5 ტომად. ტ. 2 | ||
| 245 | _bმოთხრობები | ||
| 245 | _cტომი შეადგ. და შენიშვ. დაურთეს ს. ცაიშვილმა და გ. გვერდწითელმა. რედ. ნ. აბესაძე. და ზ ფორჩხიძე | ||
| 260 | _aთბილისი | ||
| 260 | _bსაბჭ. საქართველო | ||
| 260 | _c1985 | ||
| 300 | _a480 გვ..20სმ | ||
| 300 | _eშენიშვნები გვ.474-478 | ||
| 653 | _aმოთხრობები | ||
| 653 | _aრჩეული ნაწარმოებები | ||
| 942 | _cBK | ||
| 999 |
_c48829 _d48829 |
||